000 00604cam a22001933a 4500
001 38955
003 PGUSA
005 20140828083848.0
008 120222s2012||||xxu|||||s|||||000 | eng d
040 _aPGUSA
_beng
042 _adc
245 1 0 _aPrairie Farmer, Vol. 56 :
_bNo. 12, March 22, 1884 : A Weekly Journal for the Farm, Orchard and Fireside
_h[electronic resource] /
_cVarious
260 _bProject Gutenberg,
_c2012
506 _aPublic domain in the USA.
516 _aElectronic text
830 0 _aProject Gutenberg
_v38955
856 4 0 _uhttp://www.gutenberg.org/ebooks/38955
942 _cEB
999 _c268208
_d268208